Los estudiantes en rebeldía / (Record no. 79299)

MARC details
000 -LEADER
campo de control de longitud fija 00634nam a2200205 i 4500
001 - NÚMERO DE CONTROL
campo de control 79299
003 - IDENTIFICADOR DE NÚMERO DE CONTROL
campo de control ES-MaACL
005 - FECHA Y HORA DE LA ÚLTIMA TRANSACCIÓN
campo de control 20231205174353.0
007 - CAMPO FIJO DE DESCRIPCIÓN FÍSICA--INFORMACIÓN GENERAL
campo de control de longitud fija t|
008 - DATOS DE LONGITUD FIJA--INFORMACIÓN GENERAL
campo de control de longitud fija 041020s1968 sp ||||1| spa d
100 1# - ENTRADA PRINCIPAL--NOMBRE DE PERSONA
Nombre de persona Hermann, Kai.
9 (RLIN) 62741
245 14 - MENCIÓN DEL TÍTULO
Título Los estudiantes en rebeldía /
Mención de responsabilidad, etc. Kai Hermann ; traducción y prólogo de Antonio Millán Puelles.
260 ## - PUBLICACIÓN, DISTRIBUCIÓN, ETC.
Lugar de publicación, distribución, etc. Madrid :
Nombre del editor, distribuidor, etc. Rialp,
Fecha de publicación, distribución, etc. [1968]
300 ## - DESCRIPCIÓN FÍSICA
Extensión 178 p. ;
Dimensiones 19 cm.
490 1# - MENCIÓN DE SERIE
Mención de serie Bolsillo Rialp
700 1# - ENTRADA AGREGADA--NOMBRE PERSONAL
Nombre de persona Millán Puelles, Antonio,
Fechas asociadas al nombre 1921-2005
9 (RLIN) 81155
830 0# - PUNTO DE ACCESO ADICIONAL DE SERIE-TÍTULO UNIFORME
Título uniforme Bolsillo Rialp
9 (RLIN) 183623
852 ## - LOCALIZACIÓN
Ubicación ES-MaACL
Número de control de estantería C-34447
Sublocalización o colección R.65457
Holdings
Estatus retirado Estado de pérdida Estado de daño No para préstamo Biblioteca de origen Biblioteca actual Ubicación en estantería Fecha de adquisición Fuente de adquisición Total de préstamos Signatura topográfica completa Código de barras Visto por última vez Precio de reemplazo Tipo de ítem Koha
        Biblioteca del Ateneo de Madrid Biblioteca del Ateneo de Madrid Depósito 2 17/01/2008     C-34447 1082926 23/02/2023 23/02/2023 Libro impreso